000 00422 a2200169 4500
003 Nust
005 20170207153359.0
040 _cNust
082 _a005.1
100 _aIjaz , NC Sana BESE-11
245 _aWeb application intrusion detection system
_cNC Sana Ijaz & NC Huma Javed BESE-11
260 _bMCS
_c2009
300 _a125 p
538 _aAlmirah No 71 Shelf No 5
650 _aUG Projects
651 _aUG CS Projects
942 _cTHS
999 _c184881
_d184881